ảnh hưởng của thuốc trên xét nghiệm lâm sàng

保存先:
書誌詳細
フォーマット: 図書
言語:Undetermined
出版事項: Tp. HCM Y học 1989
主題:
タグ: タグ追加
タグなし, このレコードへの初めてのタグを付けませんか!
Thư viện lưu trữ: Trung tâm Học liệu Trường Đại học Cần Thơ
LEADER 00475nam a2200157Ia 4500
001 CTU_7427
008 210402s9999 xx 000 0 und d
082 |a 615.7042 
082 |b Tr561 
245 0 |a ảnh hưởng của thuốc trên xét nghiệm lâm sàng 
260 |a Tp. HCM 
260 |b Y học 
260 |c 1989 
650 |a chemotherapy,pharmacology 
904 |i Nguyễn Huỳnh Mai, 960820 
980 |a Trung tâm Học liệu Trường Đại học Cần Thơ